00424 a2200145 4500003000400000005001700004008004100021020001500062040000900077082001500086100006000101245007600161260003200237300000900269OSt20231110145445.0231110b |||||||| |||| 00| 0 eng d a9960740951 coclc a297bTAI/R aIbn Taymīyah, Aḥmad ʻAbd al-Ḥalīmb, 1263-1328 aThe right way :b a summarised translationcShaikhul Islam Ibn Taimiyah aRiyadh,bDarussalam,c1996. a192p